Nonparametric statistical methods (Record no. 11858)

000 -LEADER
fixed length control field 00771cam a2200217 4500
020 ## - INTERNATIONAL STANDARD BOOK NUMBER
ISBN 047140635X
040 ## - CATALOGING SOURCE
Transcribing agency DLC
082 00 - DEWEY DECIMAL CLASSIFICATION NUMBER
Classification number 519 WIL 1973 A031 Or.
100 1# - MAIN ENTRY--AUTHOR NAME
Personal name Hollander, Myles.
245 10 - TITLE STATEMENT
Title Nonparametric statistical methods
260 ## - PUBLICATION, DISTRIBUTION, ETC. (IMPRINT)
Place of publication New York,
Name of publisher Wiley
Year of publication [1973]
300 ## - PHYSICAL DESCRIPTION
Number of Pages xviii, 503 p.
Other physical details illus.
Dimensions 24 cm.
490 0# - SERIES STATEMENT
Series statement Wiley series in probability and mathematical statistics
490 0# - SERIES STATEMENT
Series statement A Wiley publication in applied statistics
650 #0 - SUBJECT ADDED ENTRY--TOPICAL TERM
Topical Term Nonparametric statistics.
700 1# - ADDED ENTRY--PERSONAL NAME
Personal name Wolfe, Douglas A.,
856 42 - ELECTRONIC LOCATION AND ACCESS
Uniform Resource Identifier http://www.loc.gov/catdir/enhancements/fy0607/72011960-b.html
856 42 - ELECTRONIC LOCATION AND ACCESS
Uniform Resource Identifier http://www.loc.gov/catdir/enhancements/fy0607/72011960-d.html
856 41 - ELECTRONIC LOCATION AND ACCESS
Uniform Resource Identifier http://www.loc.gov/catdir/enhancements/fy0607/72011960-t.html
942 ## - ADDED ENTRY ELEMENTS (KOHA)
Koha item type សៀវភៅភាសាអង់គ្លេស
952 ## - LOCATION AND ITEM INFORMATION (KOHA)
Withdrawn status [LOCAL, KOHA] 0
Holdings
Permanent Location Date acquired Koha item type Lost status Shelving location Barcode Current Location Full call number
Library Block A2017-08-08សៀវភៅភាសាអង់គ្លេស A031A13909Library Block A519 WIL 1973 A031 Or.
មជ្ឈមណ្ឌលឯការនៃសាកលវិទ្យាល័យភូមិន្ទកសិកម្មចំការដូង

Powered by Koha